A history of opera in the American West /

Bibliographic Details
Main Author: Davis, Ronald L.
Format: Book
Language:English
Published: Englewood Cliffs, N. J. : Prentice-Hall, [1965]
Subjects:

MARC

Tag First Indicator Second Indicator Subfields
LEADER 00000cam a2200000 4500
001 in00000028583
005 20151007062740.0
008 730601s1965 njuf b 00110 eng u
010 |a  65012168  
035 |a (OCoLC)00634850 
035 |9 AAD5708AM 
040 |c DAY  |d TXA  |d UtOrBLW 
049 |a TXAM  |c [412692] 
050 0 0 |a ML1711  |b .D4 
082 0 |a 782.10973 
090 |a ML1711  |b .D4 1965 
092 |a 782.1  |b D263h 
100 1 |a Davis, Ronald L. 
245 1 2 |a A history of opera in the American West /  |c [by] Ronald L. Davis. 
264 1 |a Englewood Cliffs, N. J. :  |b Prentice-Hall,  |c [1965] 
300 |a xii, 178 pages :  |b plates. ;  |c 21 cm. 
336 |a text  |b txt  |2 rdacontent 
337 |a unmediated  |b n  |2 rdamedia 
338 |a volume  |b nc  |2 rdacarrier 
504 |a Includes bibliographical references and index. 
650 0 |a Opera  |z United States. 
999 |a MARS 
999 f f |s 2f1bc5bd-0884-3cb3-b383-c7a5fe6d56f3  |i d14a0cb6-bee0-374b-92a2-c8b6490fe423  |t 0 
952 f f |p storage  |a Texas A&M University  |b J.J. Pickle Campus  |c High Density Repository  |d Remote Storage  |t 0  |e ML1711 .D4 1965  |h Library of Congress classification  |i unmediated -- volume  |m A14823692637 
952 f f |p ric  |a Texas A&M University  |b Rellis Campus  |c Joint Library Facility  |d Remote Storage  |t 0  |e ML1711 .D4 1965  |h Library of Congress classification  |i unmediated -- volume  |m A14801170758 
998 f f |a ML1711 .D4 1965  |t 0  |l Remote Storage 
998 f f |a ML1711 .D4 1965  |t 0  |l Remote Storage